Analýza medzinárodnej pozície Iránu - možnosti pre uplatnenie produkcie slovenských firiem diplomová práca

Saved in:
Bibliographic Details
Main Author: Borovská, Zuzana
Corporate Author: Obchodná fakulta EU. Katedra medzinárodného obchodu
Other Authors: Baláž, Peter
Format: Book
Language:Slovak
Published: Bratislava 2018
Tags: Add Tag
No Tags, Be the first to tag this record!

MARC

LEADER 00000nbm a2200000 4500
001 0243336
005 20240627113656.9
041 0 |a slo 
044 |a SK 
245 1 0 |a Analýza medzinárodnej pozície Iránu - možnosti pre uplatnenie produkcie slovenských firiem  |b diplomová práca  |c Zuzana Borovská ; školiteľ: Peter Baláž 
264 1 |a Bratislava  |c 2018 
300 |a 106 s. 
100 1 |a Borovská, Zuzana 
700 1 |a Baláž, Peter 
710 2 |a Obchodná fakulta EU. Katedra medzinárodného obchodu